Obstetricia / (Registro nro. 437)
[ vista simple ]
| 000 -LEADER | |
|---|---|
| fixed length control field | 00890 am a2200277 a 4500 |
| 005 - FECHA ULTIMA MODIFICACION | |
| control field | 20240701113842.0 |
| 008 - CAMPO DE CONTROL (LIBRO) | |
| fixed length control field | 100629s1999||||cl a f |||| 001 0 spa d |
| 020 ## - INTERNATIONAL STANDARD BOOK NUMBER | |
| ISBN | 9562201678 |
| 041 ## - CODIGO DE IDIOMA | |
| Código de idioma del texto/pista de sonido o título separado | spa |
| 092 ## - SIGNATURA TOPOGRAFICA DEWEY LOCAL | |
| número de clasificación | 618 |
| libristica | 66 |
| sección | PER |
| 100 1# - ENTRADA PRINCIPAL--NOMBRE PERSONAL | |
| Nombre personal | Pérez Sánchez, Alfredo. |
| 9 (RLIN) | 1133 |
| 245 ## - TITULO PROPIAMENTE DICHO | |
| Título | Obstetricia / |
| Mención de responsabilidad y remanente de la transcripción de la portada | Alfredo Pérez Sánchez |
| 250 ## - MENCION DE EDICION | |
| Mención de edición | 3a ed. |
| 260 ## - PIE DE IMPRENTA | |
| Lugar de publicación, distribución, etc | Santiago de Chile [Chile]: |
| Nombre de la editorial, distribuidor, etc | Mediterraneo; |
| Fecha de publicación | 1999. |
| 300 ## - DESCRIPCION FISICA | |
| Extension | 1047 p. |
| 500 ## - NOTA GENERAL | |
| Nota general | Pérez Sánchez, A. y Donoso Siña, E. (1999). Obstetricia. (3a ed.). Santiago de Chile [Chile] : Mediterráneo. |
| 653 ## - TÉRMINO INDIZADO - PALABRAS CLAVES | |
| Palabra clave | Bases morfológicas y fisiológicas de la reproducción humana |
| 653 ## - TÉRMINO INDIZADO - PALABRAS CLAVES | |
| Palabra clave | Embarazo y parto |
| 653 ## - TÉRMINO INDIZADO - PALABRAS CLAVES | |
| Palabra clave | Medicina perinatal |
| 653 ## - TÉRMINO INDIZADO - PALABRAS CLAVES | |
| Palabra clave | Patología médica y embarazo |
| 653 ## - TÉRMINO INDIZADO - PALABRAS CLAVES | |
| Palabra clave | Recién nacido |
| 700 1# - ENTRADAS SECUNDARIAS - NOMBRE PERSONAL | |
| Nombre personal | Donoso Siña, Enrique. |
| 9 (RLIN) | 1134 |
| 930 ## - NUMERO DE INVENTARIO | |
| Número de inventario | 1396 |
| 930 ## - NUMERO DE INVENTARIO | |
| Número de inventario | 882 |
| 942 ## - ADDED ENTRY ELEMENTS (KOHA) | |
| Source of classification or shelving scheme | Dewey Decimal Classification |
| Item type | Libros |
| Estado de retiro | Existencia | Fuente de clasificación | Estado general | No para prestamo | Colección | Ubicación permanente | ubicación actual | Sala de ubicación | Fecha de adquisición | Total Checkouts | Número de clasificación | Código de barras | Date last seen | Date last borrowed | Número de ejemplar | Price effective from | Koha tipo de elemento (item) | Public note | Total Renewals |
|---|---|---|---|---|---|---|---|---|---|---|---|---|---|---|---|---|---|---|---|
| Dewey Decimal Classification | Reference | Biblioteca Medicina | Biblioteca Medicina | Referencia | 13/05/2011 | 6 | 618 66 PER | 1396 | 06/11/2014 | 19/12/2013 | ej.3 | 23/08/2011 | Reference | LIBRO DE CONSULTA | |||||
| Biblioteca Medicina | Biblioteca Medicina | Circulación | 13/05/2011 | 38 | 618 66 PER | 882 | 19/04/2023 | 19/04/2023 | ej.2 | 13/05/2011 | Libros | 2 |